INTRODUCCION AL DERECHO DE LOS TRATADOS /

TRADUCCION DE: INTRODUCTION AU DROIT DES TRAITES

Guardat en:
Dades bibliogràfiques
Autor principal: Reuter, Paul (autor)
Format: Llibre
Edició:2a edición
Col·lecció:SECCION DE OBRAS DE POLITICA Y DERECHO
Matèries:
Etiquetes: Afegir etiqueta
Sense etiquetes, Sigues el primer a etiquetar aquest registre!

MARC

LEADER 00000nam^a2200000^a^4500
001 000248114
005 20250521000000.0
009 20260310105637.694
020 |a 968-16-6512-0 
035 |a 071813 
037 |a Acervo Xavier Clavigero 
082 |a 341. 37  |b REU 
100 |a Reuter, Paul  |e (autor) 
245 1 0 |a INTRODUCCION AL DERECHO DE LOS TRATADOS /  |c PAUL REUTER ; TR. EDUARDO L. SUAREZ 
250 |a 2a edición 
264 |a MEXICO :  |b FCE, UNAM,  |c 2001 
300 |a 356 p. 
336 |a texto  |b txt  |2 rdacontenido 
337 |a sin mediación  |b n  |2 rdamedio 
338 |a volumen  |b nc  |2 rdasoporte 
440 |a SECCION DE OBRAS DE POLITICA Y DERECHO 
520 |a TRADUCCION DE: INTRODUCTION AU DROIT DES TRAITES 
520 |a INCLUYE INDICE 
649 |a XX 
650 |a TRATADOS. 
650 |a Negociación y Mediación 
650 |a Derecho de Crédito o de las Obligaciones 
650 |a Derecho Internacional Público 
910 |a Fondo General 
920 |a Impresos - Libros 
930 |a Colección General 
905 |a 101 
901 |a 071813  |b IT1  |c ACC  |i 071813  |u 20250521 
902 |a https://opac.biblio.iteso.mx/vufind/Record/000248114